000 00538nam a2200181 a 4500
005 20140310183529.0
008 110819s19uu xx 00 eng d
020 _a9781426018350
050 _aHF 5549.5.G6
_b.R68 2009
100 _aRouillard, Larrie
245 _aGoals and goalsetting :
_bAchieve measurable results /
_cLarrie Rouillard.
260 _aUSA :
_bAxzo Press,
_c2009.
300 _a95 p. :
_bill. ;
_c26 cm.
521 _aBSBA
650 _aGoal setting in persoanl management
942 _cBK
_2lcc
_kFOR
999 _c24584
_d24584